Integraľnyje schemy v nanosekundnoj jadernoj elektronike

Na minha lista:
Detalhes bibliográficos
Autor principal: Meleško, Jevgenij Aleksejevič (Author)
Formato: Livro
Idioma:russo
Publicado em: Moskva : Atomizdat, 1978
Edição:2.izd. dopol.
Tags: Adicionar Tag
Sem tags, seja o primeiro a adicionar uma tag!

MARC

LEADER 00000nam a22000003a 4500
001 stu196092
005 20150617230029.0
008 091119s1978----xxr-----------------rus-d
040 |a STU  |b slo 
041 0 |a rus 
044 |a xxr 
080 |a 621.374  |7 stu_us_auth*stu16965 
100 1 |a Meleško, Jevgenij Aleksejevič  |4 aut 
245 1 |a Integraľnyje schemy v nanosekundnoj jadernoj elektronike 
250 |a 2.izd. dopol. 
260 |a Moskva :  |b Atomizdat,  |c 1978 
300 |a 214 s 
996 |b E42777  |c E*42777  |l EE10  |s P  |a 0  |w stu196092_0001